liste d'adverbes anglais - Statistiques

Statistiques générales
  • Ce quiz a été pris 227 fois
  • Le résultat moyen est 20 sur 107
Statistiques - réponses
Français Anglais % Correct
absolument absolutely
59%
assez enough
59%
après after / afterwards
58%
jamais never
55%
aussi too / also / as well
55%
toujours always
45%
maintenant now
45%
bientôt soon
45%
vraiment really / truly
42%
très very
42%
beaucoup a lot
39%
souvent often
39%
exactement exactly
38%
à l’envers upside-down
36%
Parfois, quelquefois, de temps à autre, de temps en temps sometimes
34%
partout everywhere / all over
33%
parfaitement perfectly
33%
sérieusement seriously
33%
ensemble together
33%
bien well
33%
encore again
31%
correctement correctly / properly
31%
probablement probably
31%
rarement rarely / seldom
31%
complètement completely
30%
naturellement naturally
30%
lentement slowly
30%
quelque part somewhere
30%
accidentellement accidentally
28%
apparemment apparently / seemingly
28%
clairement clearly
28%
facilement easily
28%
normalement normally
28%
honnêtement truthfully / honestly
27%
presque almost / nearly
25%
de plus en plus more and more
25%
ensuite next / then
25%
simplement simply
25%
n’importe où anywhere
23%
curieusement curiously
23%
actuellement currently
23%
premièrement firstly
23%
nulle part nowhere
23%
rapidement rapidly / swiftly / quickly
23%
certainement certainly
22%
seulement only
22%
mystérieusement mysteriously
20%
automatiquement automatically
17%
extrêmement extremely
17%
immédiatement straight away / immediately / instantly
17%
malheureusement unfortunately / sadly
17%
courageusement courageously / bravely
16%
fortement heavily / strongly
16%
environ about / around
14%
librement freely
14%
bruyamment loudly / noisily
14%
patiemment patiently
14%
au hasard randomly
14%
d’habitude usually
14%
à tort wrongly
14%
n’importe quand  anytime
13%
ailleurs elsewhere
13%
légèrement lightly / slightly
13%
peut-être perhaps
13%
aveuglement blindly
11%
brièvement briefly
11%
calmement calmly
11%
heureusement fortunately
9%
exprès on purpose
9%
séparément separately
9%
strictement strictly
9%
approximativement approximately
8%
désespérément hopelessly / desperately
8%
évidemment obviously
8%
soudainement, brusquement suddenly
8%
anormalement abnormally
6%
constamment, sans cesse constantly
6%
couramment fluently
6%
doucement softly / gently / quietly
6%
debout standing
6%
prudemment carefully
5%
délibérément deliberately
5%
exceptionnellement exceptionally
5%
tout de suite immediately
5%
dernièrement recently / lately
5%
à plusieurs reprises repeatedly
5%
étonnamment surprisingly
5%
confortablement comfortably
3%
autrement differently / otherwise
3%
franchement frankly
3%
bizarrement oddly
3%
tranquillement quietly
3%
à peine scarcely
3%
silencieusement silently
3%
énormément very much / enormously
3%
activement busily
2%
longtemps for a long time
2%
proprement neatly
2%
attentivement closely
0%
délicatement daintily
0%
finalement eventually
0%
bêtement foolishly
0%
désormais from now on
0%
considérablement greatly
0%
autrefois in the old days / in the past
0%
inutilement unnecessarily
0%
difficilement with difficulty
0%
Aucun quiz correspondant
Distribution des résultats
% des personnes avec chaque résultat
Percentile par nombre de réponses
Votre historique - résultats
Vous n’avez pas pris ce quiz